| 000 | 00561nam a22001817a 4500 | ||
|---|---|---|---|
| 003 | OSt | ||
| 005 | 20260114033829.0 | ||
| 008 | 260114b |||||||| |||| 00| 0 eng d | ||
| 020 | _a875-500-1. | ||
| 040 |
_aDWC-Main Lib. _cOC |
||
| 082 | _aCirc. 616.89 P974 1992 | ||
| 100 | _aKatz, Lynda J. | ||
| 245 |
_aPsychiatric rehabilitation : _ba handbook for practitioners/ _cLynda J. Katz |
||
| 260 |
_aUSA : _bWarren H. Green, Inc., _cc1992. |
||
| 300 |
_aix, 401 p. ; _c23 cm. |
||
| 650 | _a1. Mentally ill-Rehabilitation. | ||
| 942 |
_2ddc _cBK-CIRC _hCirc. _n0 |
||
| 999 |
_c7365 _d7365 |
||